| 000 | 00775nam a2200229 a 4500 | ||
|---|---|---|---|
| 001 | 8332 | ||
| 003 | CO-ViMGA | ||
| 008 | 141112s2004 ck r 000 u spa d | ||
| 040 |
_aCO-ViMGA _bspa _cCO-ViMGA |
||
| 082 | 0 | 4 | _a658.57 P17s |
| 100 | 1 |
_aParisca, Simon A. _98194 |
|
| 245 | 1 | 0 |
_aSistema Nacional de Innovacion / _cParisca Simon A. |
| 260 |
_aBogotá, _cSecab, _c1994 |
||
| 300 | _a72 p. il. | ||
| 490 | _aPrograma Nacional de Gerencia de Ciencia y Tecnologia | ||
| 500 | _aModulo 1/16. | ||
| 590 | _aForma de adquisición : donacion - - Proveedor : Red Nacional De Bibliotecas Publicas - - Ejemplares : 2 | ||
| 650 | 1 | 4 |
_aciencia y tecnologia _98195 |
| 650 | 1 | 4 |
_aInvestigación Industrial _98196 |
| 650 | 1 | 4 |
_aTecnologia - innovaciones _98197 |
| 942 |
_2ddc _cBK |
||
| 999 |
_c20113 _d20113 |
||